Statistics for Country Neighbour Connect: Most Densely Populated, starting with World's Most Densely Populated

Click here to take the quiz!

General Stats

  • This quiz has been taken 89 times
  • The average score is 107 of 154

Answer Stats

COUNTRY % Correct
France
100%
Monaco
100%
Liechtenstein
90%
Austria
90%
Switzerland
90%
Luxembourg
90%
Netherlands
90%
Belgium
90%
Germany
90%
Slovenia
88%
San Marino
88%
Vatican City
88%
Italy
88%
Syria
83%
Turkey
83%
Greece
83%
Lebanon
83%
Israel
83%
Sudan
83%
Egypt
83%
Albania
83%
Romania
83%
Ukraine
83%
Kosovo
83%
Slovakia
83%
Moldova
83%
Hungary
83%
Serbia
83%
Kenya
80%
Ethiopia
80%
Czech Republic
80%
Poland
80%
Zambia
78%
Lesotho
78%
Democratic Republic of the Congo
78%
Central African Republic
78%
South Africa
78%
Cameroon
78%
South Sudan
78%
Zimbabwe
78%
Burundi
78%
Swaziland
78%
Tanzania
78%
Rwanda
78%
Uganda
78%
Mozambique
78%
Malawi
78%
Morocco
76%
Algeria
76%
Spain
76%
Ireland
76%
Niger
76%
United Kingdom
76%
Côte d'Ivoire
76%
Burkina Faso
76%
Nigeria
76%
Togo
76%
Benin
76%
Ghana
76%
Andorra
73%
Sierra Leone
71%
Liberia
71%
Guinea-Bissau
71%
Guinea
71%
Mauritania
71%
Gambia
71%
Senegal
71%
Chad
68%
Angola
68%
Libya
68%
Republic of the Congo
68%
Tunisia
68%
Portugal
68%
Mali
68%
Iran
66%
United Arab Emirates
66%
Yemen
66%
Oman
66%
Pakistan
66%
Bangladesh
66%
China
66%
Burma
66%
Qatar
66%
India
66%
Namibia
66%
Somalia
66%
Gabon
66%
Equatorial Guinea
66%
Djibouti
66%
Saudi Arabia
66%
Eritrea
66%
Iraq
66%
Kuwait
66%
Jordan
66%
Brunei
63%
Papua New Guinea
63%
Laos
63%
North Korea
63%
South Korea
63%
East Timor
63%
Malaysia
63%
Indonesia
63%
Botswana
63%
Vietnam
63%
Cambodia
63%
Thailand
63%
Uzbekistan
59%
Afghanistan
59%
Bhutan
59%
Kazakhstan
59%
Nepal
59%
Turkmenistan
59%
Tajikistan
59%
Paraguay
56%
Bolivia
56%
Panama
56%
Costa Rica
56%
Uruguay
56%
Argentina
56%
Ecuador
56%
Peru
56%
Chile
56%
Nicaragua
56%
Honduras
56%
Belize
56%
Guyana
56%
Suriname
56%
Canada
56%
United States
56%
El Salvador
56%
Guatemala
56%
Mexico
56%
Estonia
56%
Colombia
56%
Belarus
56%
Georgia
56%
Armenia
56%
Lithuania
56%
Latvia
56%
Finland
56%
Sweden
56%
Norway
56%
Kyrgyzstan
56%
Mongolia
56%
Croatia
56%
Bosnia and Herzegovina
56%
Denmark
56%
Montenegro
56%
Macedonia
56%
Russia
56%
Brazil
56%
Bulgaria
56%
Azerbaijan
56%
Venezuela
54%

Score Distribution

Percentile by Number Answered

Percent of People with Each Score

Your Score History

You have not taken this quiz